Score 0/21 Timer 04:00
0 Plays Today
Hint Missing Word % Correct
Scooby-_____Doo
98.5%
Mickey _____Mouse
97.8%
Dora the _____Explorer
96.7%
Curious _____George
96.5%
Buzz _____Lightyear
95.8%
Bart _____Simpson
95.7%
Raggedy _____Ann
95.6%
_____ McDonaldRonald
95.3%
_____ KittyHello
94.5%
_____ BearYogi
92.8%
_____ the FrogKermit
92.5%
Hint Missing Word % Correct
_____ the Big Red DogClifford
90.5%
Woody _____Woodpecker
87.7%
_____ OylOlive
84.3%
_____ DoughboyPillsbury
82.1%
_____ SamUncle
80.5%
Jimmy _____Neutron
79.5%
Big _____Bird
52.9%
The _____ ManTin
48.6%
Chuckie _____Finster
33.9%
Finn and _____Jake
29.7%

Today's Daily Dose

You're not logged in!

Compare scores with friends on all Sporcle quizzes.
OR
Log In

Sporcle TV

Today on Sporcle TV


Watch our educational content, quiz creation guides, and fun videos on Sporcle TV.

Show Comments

Extras

Top Quizzes Today


Score Distribution

Paid Content

Your Account Isn't Verified!

In order to create a playlist on Sporcle, you need to verify the email address you used during registration. Go to your Sporcle Settings to finish the process.

Report this User

Report this user for behavior that violates our Community Guidelines.

Details: